ბათუმის შოთა რუსთაველის სახელმწიფო უნივერსიტეტის ბიბლიოთეკა

ძველი რომის ისტორიის წყაროთმცოდნეობა და ისტორიოგრაფია / (ბიბ.ჩანაწერი № 40868)

000 -ლიდერი
ფიქსირებული სიგრძის საკონტროლო ველი 01341nam a2200277Ia 4500
001 - საკონტროლო ნომერი
საკონტროლო ველი 7512
003 - საკონტროლო ნომრის იდენტიფიკატორი
საკონტროლო ველი GE_BSU
005 - ბოლო ოპერაციის თარიღი და დრო
საკონტროლო ველი 20200109103012.0
008 - ფიქსირებული სიგრძის მონაცემთა ელემენტები - ზოგადი ინფორმაცია
ფიქსირებული სიგრძის საკონტროლო ველი 181216s2013||||ge |||||||||||||| ||geo||
020 ## - წიგნის საერთაშორისო სტანდარტული ნომერი
International Standard Book Number 9789941220531
040 ## - კატალოგიზაციის წყარო
Transcribing agency GE_BSU
041 ## - ენის კოდი
Language code of text/sound track or separate title geo
080 ## - უნივერსალური ათობითი კლასიფიკაციის ინდექსი
Universal Decimal Classification number 94(37)+930(37) ს-96
100 ## - მთავარი ჩანაწერი - პიროვნების სახელი
Personal name სურგულაძე, კახაბერ
9 (RLIN) 6023
245 ## - ცნობა სათაურის შესახებ
Title ძველი რომის ისტორიის წყაროთმცოდნეობა და ისტორიოგრაფია /
Statement of responsibility, etc კახაბერ სურგულაძე ; რედ. ომარ ნიშნიანიძე.
264 ## - წარმოების, გამოცემის, დისტრიბუციის და სხვა ცნობები
გამოცემის, წარმოების, დისტრიბუციის... ადგილი თბილისი :
გამოცემის, წარმოების, დისტრიბუციის... სახელწოდება უნივერსალი,
გამოცემის, წარმოების, დისტრიბუციის... თარიღი 2013.
300 ## - ფიზიკური აღწერა
Extent 243 გვ.;
Other physical details 21 სმ.
500 ## - ზოგადი შენიშვნა
General note თავფურ. მე-3 გვ.
504 ## - BIBLIOGRAPHY, ETC. NOTE
Bibliography, etc ბიბლიოგრ.: გვ. 230-241
520 ## - SUMMARY, ETC.
Summary, etc რეზ. ინგლ.
653 ## - INDEX TERM--UNCONTROLLED
Uncontrolled term ძველი რომის ისტორიის წყროები
653 ## - INDEX TERM--UNCONTROLLED
Uncontrolled term ძველი რომის ისტორიოგრაფია
700 ## - ADDED ENTRY--PERSONAL NAME
Personal name ნიშნიანიძე, ომარ
Relator term რედაქტორი
9 (RLIN) 6024
710 ## - ADDED ENTRY--CORPORATE NAME
Corporate name or jurisdiction name as entry element ბათუმის შოთა რუსთაველის სახელმწ. უნ-ტი
9 (RLIN) 6025
942 ## - ADDED ENTRY ELEMENTS (KOHA)
Koha item type წიგნი
Source of classification or shelving scheme
ეგზემპლარები
ჩამოწერის სტატუსი დაკარგული ეგზემპლარის სტატუსი კლასიფიკაციის წყარო ან თაროზე გაწყობის სქემა დაზიანების სტატუსი არ გაიცემა მუდმივი მდებარეობა (დაცვის ადგილი) ამჟამინდელი ადგილსამყოფელი თაროზე განთავსების ადგილი შეძენის თარიღი სრული შენახვის შიფრი შტრიხკოდი ბოლო ოპერაციის თარიღი ეგზემპლარის მიმდევრობითი ნომერი (კეტერი?) ფასის ძალაში შესვლის თარიღი ეგზემპლარის სახეობა
          ბათუმის შოთა რუსთაველის სახელმწიფო უნივერსიტეტის მთავარი ბიბლიოთეკა ბათუმის შოთა რუსთაველის სახელმწიფო უნივერსიტეტის მთავარი ბიბლიოთეკა წიგნსაცავი 2018-12-17 94(37)+930(37) ს-96 7291 2018-12-17 7291 2018-12-17 წიგნი